| 000 | 00498nam a22001217a 4500 | ||
|---|---|---|---|
| 082 |
_a345.491066 _bBAN |
||
| 245 |
_aThe Banking Companies Ordinance, 1962: _bThe Financial Institutions (Recovery of Finances) Ordinance, 2001 and The Financial Institutions (Recovery of Finance) Rules, 2018 / _cP.L.H. Bare Act Series |
||
| 260 |
_aKarachi : _bPakistan Law House, _c2022. |
||
| 300 |
_a158 p. ; _c25 cm. |
||
| 563 | _aHardcover. | ||
| 650 |
_aLaw, Banking Companies Ordinance _9126270 |
||
| 942 |
_2ddc _cBK |
||
| 999 |
_c611986 _d611986 |
||